| 000 | 00545nam a2200229Ia 4500 | ||
|---|---|---|---|
| 008 | 210210b2015 xxu||||| |||| 00| 0 eng d | ||
| 020 | _a9789384826055 | ||
| 041 | _aeng | ||
| 082 | _a574.61 KUMB | ||
| 100 | _aKUMARESAN (V) | ||
| 245 | _aBioresources | ||
| 260 |
_aKanyakumari _bSaras Publication _c2015 |
||
| 300 | _ax,230 | ||
| 650 | _avermicomposting | ||
| 650 | _arecycling | ||
| 650 | _aBioresources | ||
| 650 | _abiopesticides | ||
| 650 | _abiofertilizers | ||
| 690 | _aBiology | ||
| 700 | _aARUMUGAM (N) | ||
| 906 | _a070921 | ||
| 999 |
_c120322 _d120322 |
||